[Event "21e tournoi de NoÃ«l"]
[Site "Montigny le Bretonneux"]
[Date "2021.12.27"]
[Round "2.6"]
[White "Chaintreau, Maxime"]
[Black "Sondermeijer, Damien"]
[Result "0-1"]
[WhiteElo "1329"]
[BlackElo "1714"]
[Annotator "Rivier,Sylvain"]
[PlyCount "68"]
[EventDate "2021.??.??"]

{Gambit dame, dÃ©fense semi-slave} 1. d4 d5 2. c4 c6 3. Nc3 Nf6 4. Nf3 e6 5. e3
Nbd7 6. a3 Be7 7. Bd3 dxc4 8. Bxc4 b5 9. Bb3 a6 10. O-O c5 11. d5 exd5 12. Bxd5
Nxd5 13. Nxd5 Bb7 14. e4 Nb6 15. Nxb6 Qxb6 16. e5 Rd8 17. Qc2 Bxf3 18. gxf3 O-O
19. Kh1 f6 20. Rg1 fxe5 21. Be3 Qc6 22. Rg3 Rxf3 23. Kg1 Rxg3+ 24. hxg3 Qd5 25.
Rc1 c4 26. Qc3 Bc5 27. Re1 Bxe3 28. Qxe3 Qd4 29. Qe2 e4 30. Kf1 Qd3 31. g4 Kf7
32. Qxd3 exd3 33. Rd1 Re8 34. Rd2 Kf6 0-1

[Event "21e tournoi de NoÃ«l"]
[Site "Montigny le Bretonneux"]
[Date "2021.12.27"]
[Round "2.7"]
[White "Weens, William"]
[Black "Rosu, Alexandru"]
[Result "0-1"]
[WhiteElo "1697"]
[BlackElo "1245"]
[Annotator "Rivier,Sylvain"]
[PlyCount "214"]
[EventDate "2021.??.??"]

{Partie espagnole, variante Averbach} 1. e4 e5 2. Nf3 Nc6 3. Bb5 a6 4. Ba4 Nf6
5. O-O d6 6. h3 Be7 7. Re1 O-O 8. c3 Be6 9. d4 exd4 10. cxd4 d5 11. e5 Ne4 12.
Nc3 Nxc3 13. bxc3 b5 14. Bc2 Na5 15. Bf4 Nc4 16. Nd2 Bg5 17. Qh5 h6 18. Bxg5
Qxg5 19. Qxg5 hxg5 20. Nxc4 bxc4 21. Ba4 Rfd8 22. Bc6 Rab8 23. Rab1 Rb6 24.
Rxb6 cxb6 25. Bb7 Bc8 26. Bxc8 Rxc8 27. a4 Rc6 28. Kh2 Kf8 29. Kg3 Ke7 30. Kg4
Rg6 31. Kf5 Kd7 32. Re2 Ke7 33. Rb2 Kd7 34. Re2 Ke7 35. Re1 Kd7 36. Rh1 Ke7 37.
g3 Kd7 38. Rb1 Ke7 39. Rb2 Kd7 40. Kg4 Ke7 41. Kf5 Kd7 42. f4 gxf4 43. Kxf4 Kc6
44. h4 b5 45. axb5+ axb5 46. h5 Re6 47. Kf5 g6+ 48. hxg6 Rxg6 49. g4 Re6 50. g5
Rg6 51. Rb1 Re6 52. Kg4 Rg6 53. Kf4 Re6 54. Ra1 Kb7 55. Rb1 Kc6 56. Ra1 Kb7 57.
Kf5 Rg6 58. Rf1 Re6 59. Kg4 Re7 60. Rb1 Kc6 61. Ra1 Kb7 62. Ra2 Re6 63. Rf2 Re7
64. Rb2 Kc6 65. Kh5 Re6 66. Ra2 Kb7 67. Rf2 Re7 68. Kh6 b4 69. Rb2 b3 70. Kg7
Kc6 71. Kf6 Ra7 72. e6 fxe6 73. g6 Ra1 74. g7 Rf1+ 75. Kxe6 Re1+ 76. Kf6 Rf1+
77. Ke5 Rg1 78. Kf6 Rf1+ 79. Ke7 Re1+ 80. Kf7 Rf1+ 81. Kg8 Kb5 82. Kh7 Rh1+ 83.
Kg6 Rg1+ 84. Kf6 Rf1+ 85. Ke6 Rg1 86. Kf7 Ka4 87. g8=Q Rxg8 88. Kxg8 Ka3 89.
Rf2 b2 90. Rf1 Kb3 91. Kf7 Kxc3 92. Ke6 Kb3 93. Kxd5 c3 94. Ke6 c2 95. Rf8 c1=Q
96. Rb8+ Kc2 97. Rc8+ Kd1 98. Rxc1+ bxc1=Q 99. d5 Qe3+ 100. Kd7 Kc2 101. d6 Kc3
102. Kc8 Qc5+ 103. Kd7 Kd4 104. Ke6 Qc6 105. Ke7 Kd5 106. d7 Qe6+ 107. Kd8 Kc6
0-1

[Event "21e tournoi de NoÃ«l"]
[Site "Montigny le Bretonneux"]
[Date "2021.12.27"]
[Round "2.8"]
[White "Flagiello, Domenico"]
[Black "Artieres, Michel"]
[Result "0-1"]
[WhiteElo "1209"]
[BlackElo "1681"]
[Annotator "Rivier,Sylvain"]
[PlyCount "66"]
[EventDate "2021.??.??"]

{Gambit dame} 1. Nf3 Nf6 2. c4 d5 3. cxd5 Nxd5 4. e4 Nb6 5. d4 Bg4 6. Nc3 e6 7.
Be2 Be7 8. Be3 O-O 9. Ne5 Bxe2 10. Qxe2 N8d7 11. Rd1 c6 12. Qg4 f5 13. Qh3 Nxe5
14. dxe5 Qe8 15. O-O Qg6 16. exf5 Rxf5 17. f4 Nc4 18. Rd7 Bb4 19. Rxb7 Bxc3 20.
bxc3 Rh5 21. Qf3 Rf5 22. Qe4 Nxe5 23. Rxa7 Rxa7 24. Bxa7 Qf7 25. Bb8 Nd7 26.
Rb1 Rd5 27. a4 Nc5 28. Qc4 Qf5 29. Rf1 Qc2 30. a5 Rd2 31. f5 Rxg2+ 32. Kh1 Rg5
33. fxe6 Qg2# 0-1

[Event "21e tournoi de Noël"]
[Site "Montigny le Bretonneux"]
[Date "2021.12.27"]
[Round "2.9"]
[White "Chaintreau, Thomas"]
[Black "Breteau-Ribeiro, Charles"]
[Result "0-1"]
[WhiteElo "1665"]
[BlackElo "1199"]
[Annotator "Rivier,Sylvain"]
[PlyCount "70"]
[EventDate "2021.??.??"]

{Gambit dame} 1. Nf3 d5 2. d4 Nf6 3. c4 c6 4. Nc3 dxc4 5. e4 b5 6. Qc2 e6 7. a4
Bb4 8. Be2 Bb7 9. O-O a6 10. Bg5 Bxc3 11. bxc3 h6 12. Bh4 g5 13. Nxg5 hxg5 14.
Bxg5 Qc7 15. g3 Nbd7 16. e5 Nd5 17. h4 N7b6 18. axb5 cxb5 19. f4 Ne3 20. Qd2
Nxf1 21. Rxf1 Be4 22. g4 Nd5 23. f5 Qa5 24. fxe6 fxe6 25. Bf6 Rf8 26. Qh6 Qxc3
27. Kh2 Qe3 28. Qxf8+ Kxf8 29. Bg5+ Kg7 30. Bxe3 Nxe3 31. Rf6 Rf8 32. g5 Rxf6
33. gxf6+ Kf7 34. Bh5+ Bg6 35. Bxg6+ Kxg6 0-1

[Event "21e tournoi de NoÃ«l"]
[Site "Montigny le Bretonneux"]
[Date "2021.12.27"]
[Round "2.10"]
[White "Flagiello, Francesco"]
[Black "Subtil, Thimote"]
[Result "1/2-1/2"]
[WhiteElo "1633"]
[BlackElo "1199"]
[Annotator "Rivier,Sylvain"]
[PlyCount "100"]
[EventDate "2021.??.??"]

{DÃ©fense Caro-Kann, variante des deux cavaliers} 1. e4 c6 2. Nc3 d5 3. Nf3
dxe4 4. Nxe4 Nf6 5. Nxf6+ exf6 6. Bc4 Bg4 7. O-O Be7 8. c3 O-O 9. h3 Bxf3 10.
Qxf3 Nd7 11. d4 Nb6 12. Bd3 Re8 13. Bf4 Nd5 14. Bg3 Bf8 15. Rfe1 Rxe1+ 16. Rxe1
g6 17. Bh4 Bg7 18. Re4 Qd6 19. Bg3 Qd7 20. Bc4 Nb6 21. Bb3 Re8 22. Qe2 Rxe4 23.
Qxe4 Nc8 24. d5 f5 25. Qd3 cxd5 26. Qxd5 Qxd5 27. Bxd5 Nb6 28. Bb3 Nd7 29. Bd5
Nb6 30. Bxb7 Na4 31. Bb8 Nxb2 32. Bxa7 Bxc3 33. Bc6 Ba5 34. Bb5 Nd1 35. Bd4 Nc3
36. Bxc3 Bxc3 37. Kf1 Kg7 38. Ke2 g5 39. Kd3 Be1 40. f3 h5 41. a4 g4 42. hxg4
hxg4 43. fxg4 fxg4 44. Bd7 Kf6 45. Kc4 Kg5 46. Bc6 Kf4 47. Kd3 Kg3 48. Ke2 Ba5
49. Be4 f5 50. Bd5 f4 1/2-1/2

[Event "21e tournoi de NoÃ«l"]
[Site "Montigny le Bretonneux"]
[Date "2021.12.27"]
[Round "2.11"]
[White "Goujon, Antoine"]
[Black "Mahe, Romain"]
[Result "1/2-1/2"]
[WhiteElo "1775"]
[BlackElo "1971"]
[Annotator "Rivier,Sylvain"]
[PlyCount "63"]
[EventDate "2021.??.??"]

{Partie du pion dame} 1. d4 d5 2. Nc3 Nf6 3. Bf4 c6 4. e3 Bf5 5. f3 e6 6. g4
Bg6 7. h4 h5 8. g5 Nfd7 9. Bd3 Bxd3 10. Qxd3 Nb6 11. g6 f6 12. O-O-O Bd6 13.
Nge2 Bxf4 14. Nxf4 Qd6 15. Qe2 Nc4 16. Nd3 Na6 17. Nb1 Nb4 18. Nxb4 Qxb4 19. b3
Na3 20. Qe1 Qd6 21. Kb2 Nxb1 22. Rxb1 a5 23. a4 e5 24. Rg1 Qe7 25. Qd2 e4 26.
f4 Kd7 27. Ra1 Ra6 28. Qe2 Qe6 29. Rg3 Qf5 30. Rag1 Raa8 31. Rc1 Rh6 32. Rcg1
1/2-1/2

[Event "21e tournoi de NoÃ«l"]
[Site "Montigny le Bretonneux"]
[Date "2021.12.27"]
[Round "2.12"]
[White "Longbien, Dominique"]
[Black "Payot, Guillaume"]
[Result "1/2-1/2"]
[WhiteElo "1417"]
[BlackElo "1286"]
[Annotator "Rivier,Sylvain"]
[PlyCount "53"]
[EventDate "2021.??.??"]

{Partie du pion dame} 1. d4 Nf6 2. Bf4 d5 3. Nf3 e6 4. e3 c5 5. c3 Nc6 6. Nbd2
Qb6 7. b3 Bd7 8. Bd3 Rc8 9. O-O g6 10. e4 dxe4 11. Nxe4 Nxe4 12. Bxe4 Bg7 13.
Be3 cxd4 14. Nxd4 Nxd4 15. Bxd4 Bxd4 16. Qxd4 Qxd4 17. cxd4 Bc6 18. Rac1 Kd7
19. f3 f5 20. Bxc6+ Rxc6 21. Kf2 Rhc8 22. Rc4 Rxc4 23. bxc4 Rxc4 24. Rb1 b6 25.
Ke3 Kd6 26. Kd3 Ra4 27. Rb2 1/2-1/2

[Event "21e tournoi de NoÃ«l"]
[Site "Montigny le Bretonneux"]
[Date "2021.12.27"]
[Round "2.13"]
[White "Plancade, Philajit"]
[Black "Imbert, Christophe"]
[Result "1-0"]
[WhiteElo "1273"]
[BlackElo "1880"]
[Annotator "Rivier,Sylvain"]
[PlyCount "107"]
[EventDate "2021.??.??"]

{DÃ©fense des deux cavaliers} 1. e4 e5 2. Nf3 Nc6 3. Bc4 Nf6 4. d3 Be7 5. O-O
d6 6. c3 O-O 7. Re1 Bg4 8. Nbd2 a6 9. Bb3 d5 10. exd5 Nxd5 11. Nf1 Nf6 12. h3
Bh5 13. Ng3 Bg6 14. Bc2 Nd7 15. b4 Re8 16. Bb2 Bd6 17. Ne4 Bf8 18. Qe2 Kh8 19.
Rad1 f5 20. Ng3 Qf6 21. Qf1 Bd6 22. a3 Nf8 23. Nd2 Ne6 24. Nc4 Bf8 25. Ne2 b5
26. Nd2 Bh5 27. f3 Bf7 28. Qf2 Rad8 29. Nb3 Bd6 30. Nd2 Qh6 31. Bc1 Be7 32. Kh2
Ng5 33. Ng3 Bd6 34. Re2 Be6 35. Nb3 Qg6 36. Kh1 Qf7 37. Bxg5 Bxb3 38. Bxd8 Bxc2
39. Rxc2 Nxd8 40. Re1 Qg6 41. Nf1 Ne6 42. Rce2 Nf4 43. Rd2 Qh5 44. Ng3 Qg5 45.
Rg1 Re6 46. Nf1 Rh6 47. c4 c6 48. c5 Bc7 49. Nh2 Nd5 50. Re2 Qf4 51. g3 Qg5 52.
f4 Qf6 53. fxe5 Bxe5 54. Rge1 1-0

[Event "21e tournoi de NoÃ«l"]
[Site "Montigny le Bretonneux"]
[Date "2021.12.27"]
[Round "2.14"]
[White "Ries, Antoine"]
[Black "Faris, Marouane"]
[Result "0-1"]
[WhiteElo "1267"]
[BlackElo "1662"]
[Annotator "Rivier,Sylvain"]
[PlyCount "56"]
[EventDate "2021.??.??"]

{Partie du pion dame} 1. d4 Nf6 2. Nf3 g6 3. Bf4 d5 4. e3 c5 5. Nbd2 Qb6 6.
dxc5 Qxb2 7. Be5 Qb4 8. Bd4 Nc6 9. c3 Qa5 10. Bd3 Bg7 11. O-O O-O 12. Nb3 Qc7
13. Qc2 e5 14. Nxe5 Nxe5 15. f4 Nxd3 16. Qxd3 Bf5 17. Qe2 Be4 18. Be5 Qc8 19.
Nd2 Qxc5 20. c4 Nd7 21. Bxg7 Kxg7 22. Rac1 Qe7 23. Nxe4 dxe4 24. f5 f6 25. fxg6
hxg6 26. Rf4 Nc5 27. Rcf1 Nd3 28. Rh4 Rh8 0-1

[Event "21e tournoi de NoÃ«l"]
[Site "Montigny le Bretonneux"]
[Date "2021.12.27"]
[Round "2.15"]
[White "Bauchaire, Gerard"]
[Black "Vadillo Torre, Ismael"]
[Result "0-1"]
[WhiteElo "1248"]
[BlackElo "1578"]
[Annotator "Rivier,Sylvain"]
[PlyCount "86"]
[EventDate "2021.??.??"]

{DÃ©fense Alekhine, variante de chasse} 1. e4 d5 2. exd5 Nf6 3. Nc3 Nxd5 4. Nf3
Bg4 5. Be2 e6 6. O-O Be7 7. b3 O-O 8. Bb2 Bf6 9. Rb1 Nc6 10. Nxd5 exd5 11. d4
Bf5 12. Rc1 Re8 13. Re1 Be4 14. c3 a6 15. Bd3 Qd6 16. Re3 Re7 17. Qc2 Rae8 18.
Qd2 g6 19. Be2 Qf4 20. Re1 Kg7 21. c4 Bxf3 22. Bxf3 dxc4 23. d5 Ne5 24. Bxe5
Bxe5 25. g3 Qf6 26. bxc4 Bd6 27. Kg2 b6 28. a4 a5 29. Rb1 Bc5 30. Rxe7 Rxe7 31.
Qb2 Qxb2 32. Rxb2 Re1 33. Re2 Ra1 34. Re8 Rxa4 35. Be2 Ra2 36. Kf3 a4 37. Rc8
Bd6 38. Bd3 a3 39. Bb1 Rb2 40. Bd3 Rb3 41. Ke4 a2 42. Ra8 Ra3 43. Rxa3 Bxa3 0-1

[Event "21e tournoi de Noël"]
[Site "Montigny le Bretonneux"]
[Date "2021.12.27"]
[Round "2.16"]
[White "Couradin, Bruno"]
[Black "Rosu, Andrei"]
[Result "0-1"]
[WhiteElo "1454"]
[BlackElo "1241"]
[Annotator "Rivier,Sylvain"]
[PlyCount "144"]
[EventDate "2021.??.??"]

{Partie italienne} 1. e4 e5 2. Nf3 Nc6 3. Bc4 Bc5 4. d3 Nf6 5. Nc3 d6 6. h3 Be6
7. Bxe6 fxe6 8. O-O h6 9. a3 g5 10. Be3 Bb6 11. Nh2 Rg8 12. Ng4 Nxg4 13. Qxg4
Qf6 14. Qh5+ Qg6 15. Qxg6+ Rxg6 16. Rad1 O-O-O 17. Bxb6 axb6 18. Rfe1 Nd4 19.
Rd2 h5 20. Ne2 Nxe2+ 21. Rexe2 Rf8 22. c3 Rgf6 23. d4 exd4 24. cxd4 Rf4 25. g3
Rf3 26. Rc2 Rd3 27. Red2 Rff3 28. d5 exd5 29. exd5 Kd7 30. Kg2 h4 31. gxh4 gxh4
32. Rxd3 Rxd3 33. Rc4 Rxd5 34. Rxh4 c5 35. b4 Rg5+ 36. Kf3 d5 37. Kf4 Rg7 38.
Ke5 d4 39. Kd5 Rg5+ 40. Kc4 b5+ 41. Kxb5 d3 42. bxc5 Rd5 43. Kc4 d2 44. Kxd5
d1=Q+ 45. Rd4 Qf3+ 46. Kc4+ Kc7 47. Rd3 Qxf2 48. a4 Qc2+ 49. Kd4 Qxa4+ 50. Kd5
Qd7+ 51. Kc4 Qe6+ 52. Kc3 Qe5+ 53. Kc4 Qe4+ 54. Kc3 Kc6 55. Rd4 Qe1+ 56. Kc4
Qf1+ 57. Rd3 Qf4+ 58. Rd4 Qf5 59. Rd6+ Kc7 60. Rd3 Qh5 61. Re3 Qd1 62. Rd3 Qe2
63. Kd4 Kc6 64. Rc3 Qf2+ 65. Ke4 Qh4+ 66. Kf5 Qd4 67. Rc1 Qh4 68. Rc3 Kd5 69.
Kg6 Kd4 70. Rb3 Qe4+ 71. Kg5 Qd5+ 72. Kg4 Qxb3 0-1

[Event "21e tournoi de Noël"]
[Site "Montigny le Bretonneux"]
[Date "2021.12.27"]
[Round "2.17"]
[White "Gros, Arthur"]
[Black "Marival, Fred"]
[Result "0-1"]
[WhiteElo "1199"]
[BlackElo "1425"]
[Annotator "Rivier,Sylvain"]
[PlyCount "139"]
[EventDate "2021.??.??"]

{Défense sicilienne, système fermé} 1. e4 c5 2. Nc3 d6 3. f4 Nf6 4. Nf3 e6 5.
Bc4 a6 6. a4 Nc6 7. O-O Be7 8. d3 O-O 9. Qe1 Nd4 10. f5 Nxc2 11. Qh4 Nd4 12.
fxe6 Nxf3+ 13. Rxf3 Bxe6 14. Rg3 Ne8 15. Qh5 Kh8 16. Bxe6 fxe6 17. Rh3 Nf6 18.
Qh4 Qe8 19. Bg5 Qg6 20. Bxf6 Rxf6 21. Qh5 Raf8 22. Ne2 Qxh5 23. Rxh5 Rf2 24.
Re1 g6 25. Rf5 exf5 26. Kxf2 fxe4+ 27. Kg1 exd3 28. Nc3 Bg5 29. Rd1 d2 30. Ne4
Be3+ 31. Kh1 d5 32. Nxd2 Bxd2 33. h4 Be3 34. Rxd5 Rf7 35. g4 Kg7 36. h5 gxh5
37. gxh5 Bd4 38. b4 b6 39. a5 Rb7 40. axb6 Rxb6 41. bxc5 Rb1+ 42. Kg2 Rb4 43.
c6 Rc4 44. Rd7+ Kh6 45. c7 Bc3 46. Kf3 a5 47. Ke2 Bb4 48. Kd3 Rc3+ 49. Kd4 a4
50. Kd5 Ba5 51. Rd6+ Kxh5 52. Ra6 Bxc7 53. Rxa4 Rc1 54. Ra7 Rc2 55. Ke6 Kg4 56.
Kd7 Bf4 57. Ra6 h6 58. Rc6 Rxc6 59. Kxc6 h5 60. Kd5 h4 61. Ke4 h3 62. Kd3 h2
63. Ke2 h1=Q 64. Kf2 Bg3+ 65. Ke2 Qf3+ 66. Kd2 Kf4 67. Kc2 Ke4 68. Kd2 Kd4 69.
Kc1 Qe2 70. Kb1 0-1

[Event "21e tournoi de NoÃ«l"]
[Site "Montigny le Bretonneux"]
[Date "2021.12.27"]
[Round "2.18"]
[White "Hawecker, Yoann"]
[Black "Barthere, Gilles"]
[Result "0-1"]
[WhiteElo "1199"]
[BlackElo "1350"]
[Annotator "Rivier,Sylvain"]
[PlyCount "67"]
[EventDate "2021.??.??"]

{DÃ©fense sicilienne, attaque yougoslave} 1. e4 c5 2. Nf3 d6 3. d4 cxd4 4. Nxd4
Nf6 5. Nc3 a6 6. Be3 g6 7. f3 Bg7 8. Qd2 e5 9. Nb3 h5 10. O-O-O Bf8 11. h4 Be7
12. Be2 O-O 13. Rdg1 Be6 14. g4 Qd7 15. gxh5 Nxh5 16. f4 Nxf4 17. Bxf4 exf4 18.
h5 Kg7 19. Qd4+ Bf6 20. h6+ Kh7 21. Qxf6 Rg8 22. Nd4 Qd8 23. Nd5 Bxd5 24. Qxd8
Rxd8 25. exd5 Nd7 26. Rg4 Ne5 27. Rxf4 Rf8 28. Nf3 Nxf3 29. Bxf3 f5 30. Bg2
Rfe8 31. Kd2 Rac8 32. b3 Re7 33. Rc4 Rce8 34. Bf3 0-1

[Event "21e tournoi de NoÃ«l"]
[Site "Montigny le Bretonneux"]
[Date "2021.12.27"]
[Round "2.19"]
[White "Bauchaire, Isaac"]
[Black "Tanchoux, Pierre"]
[Result "1-0"]
[WhiteElo "1109"]
[BlackElo "1312"]
[Annotator "Rivier,Sylvain"]
[PlyCount "81"]
[EventDate "2021.??.??"]

{DÃ©fense sicilienne} 1. e4 c5 2. Nc3 d6 3. Nf3 Nf6 4. Bc4 e6 5. O-O Be7 6. Re1
O-O 7. d3 a6 8. Bf4 b5 9. Bb3 Nc6 10. e5 Nxe5 11. Nxe5 dxe5 12. Bxe5 Bb7 13.
Ne2 Qd7 14. c3 Qc6 15. f3 Ng4 16. Ng3 Nxe5 17. Rxe5 Bf6 18. Re2 Qb6 19. Bc2
Rfd8 20. Ne4 Be5 21. Ng5 h6 22. Rxe5 hxg5 23. Rxg5 Rd5 24. Qd2 Rxg5 25. Qxg5
Rd8 26. a4 Rd5 27. Qf4 Bc6 28. a5 Qa7 29. Kf1 Qb7 30. d4 cxd4 31. cxd4 b4 32.
Bd3 Bb5 33. Ke2 Bxd3+ 34. Kxd3 Qb5+ 35. Ke3 Qb7 36. Rc1 Rd7 37. g4 Qa7 38. Rc8+
Kh7 39. Qe4+ g6 40. g5 e5 41. Qh4+ 1-0

[Event "21e tournoi de Noël"]
[Site "Montigny le Bretonneux"]
[Date "2021.12.27"]
[Round "2.20"]
[White "Aidan, David"]
[Black "Rosu, Matei"]
[Result "1-0"]
[WhiteElo "1302"]
[BlackElo "1191"]
[Annotator "Rivier,Sylvain"]
[PlyCount "49"]
[EventDate "2021.??.??"]

{Partie espagnole, défense Morphy} 1. e4 e5 2. Nf3 Nc6 3. Bb5 a6 4. Ba4 b5 5.
Bb3 Bc5 6. c3 Nf6 7. O-O O-O 8. d4 exd4 9. cxd4 Bb6 10. Nc3 d6 11. h3 Bb7 12.
Re1 Re8 13. Ng5 Re7 14. Nd5 Nxd5 15. Bxd5 Rb8 16. Qh5 h6 17. Bxf7+ Kh8 18. Qg6
Qg8 19. Bxg8 Kxg8 20. Ne6 Nb4 21. Re2 Rbe8 22. Bxh6 Kh8 23. Bxg7+ Kg8 24. Bf6+
Rg7 25. Qxg7# 1-0

[Event "21e tournoi de Noël"]
[Site "Montigny le Bretonneux"]
[Date "2021.12.28"]
[Round "3.1"]
[White "Joslin, Jerome"]
[Black "Gheorghin, Felix"]
[Result "1-0"]
[WhiteElo "2048"]
[BlackElo "1469"]
[Annotator "Rivier,Sylvain"]
[PlyCount "61"]
[EventDate "2021.??.??"]

{Défense vieille Benoni} 1. d4 c5 2. d5 e5 3. c4 d6 4. e4 g6 5. Nf3 Bg7 6. Nc3
a6 7. b4 b6 8. bxc5 bxc5 9. Rb1 Nd7 10. Qa4 Ngf6 11. Qc6 Ra7 12. Bd3 Rc7 13.
Qa4 O-O 14. O-O Nh5 15. Ne2 f5 16. Qc2 f4 17. Bd2 Qe7 18. Ba5 Ra7 19. Qa4 g5
20. h3 h6 21. Qc6 Nhf6 22. Rb3 Ne8 23. Bc2 h5 24. Nh2 g4 25. hxg4 hxg4 26. Nxg4
f3 27. gxf3 Qg5 28. Qxc8 Nef6 29. Qc6 Nh5 30. Qxd6 Rf6 31. Bd8 1-0

[Event "21e tournoi de Noël"]
[Site "Montigny le Bretonneux"]
[Date "2021.12.28"]
[Round "3.2"]
[White "Sondermeijer, Damien"]
[Black "Ribiere, Damien"]
[Result "0-1"]
[WhiteElo "1714"]
[BlackElo "2030"]
[Annotator "Rivier,Sylvain"]
[PlyCount "74"]
[EventDate "2021.??.??"]

{Défense Pirc} 1. e4 d6 2. d4 Nf6 3. Nc3 g6 4. g3 Bg7 5. Bg2 O-O 6. Nge2 Nc6 7.
h3 e5 8. Be3 a6 9. O-O b5 10. a3 Bb7 11. Qd2 exd4 12. Nxd4 Na5 13. Bg5 c5 14.
Nde2 Nc4 15. Qc1 Qc7 16. b3 Nb6 17. Bh6 b4 18. Bxg7 Kxg7 19. axb4 cxb4 20. Na2
a5 21. Qb2 Rfe8 22. g4 Qc5 23. Ng3 Qe5 24. Qxe5 dxe5 25. c4 Nfd7 26. Rfd1 Nc5
27. Nc1 a4 28. bxa4 Rxa4 29. Rxa4 Nbxa4 30. Nd3 Rd8 31. Bf1 Nc3 32. Rd2 Nxd3
33. Rxd3 Rxd3 34. Bxd3 b3 35. Nf1 Bxe4 36. Nd2 Bxd3 37. Nxb3 Bxc4 0-1

[Event "21e tournoi de Noël"]
[Site "Montigny le Bretonneux"]
[Date "2021.12.28"]
[Round "3.3"]
[White "Artieres, Michel"]
[Black "Divies, Renaud"]
[Result "0-1"]
[WhiteElo "1681"]
[BlackElo "1954"]
[Annotator "Rivier,Sylvain"]
[PlyCount "68"]
[EventDate "2021.??.??"]

{Défense sicilienne, variante Paulsen} 1. e4 c5 2. Nf3 e6 3. d4 cxd4 4. Nxd4 a6
5. Nc3 Qc7 6. Bd3 b5 7. a3 Bb7 8. O-O Nf6 9. Bg5 Be7 10. Qd2 Ng4 11. Nf3 Bc5
12. Bh4 f6 13. h3 Ne5 14. Nxe5 fxe5 15. Nd1 O-O 16. Ne3 d5 17. exd5 exd5 18.
Nxd5 Bxd5 19. Bxh7+ Kxh7 20. Qxd5 Nd7 21. Rae1 Rae8 22. Kh1 Nf6 23. Bxf6 Rxf6
24. f3 Rf4 25. c3 Qd6 26. Qb3 e4 27. Rd1 Qg6 28. Rd5 exf3 29. g4 Rxg4 30. hxg4
Qxg4 31. Qc2+ g6 32. Qh2+ Kg7 33. Qc7+ Re7 34. Qh2 Re2 0-1

[Event "21e tournoi de Noël"]
[Site "Montigny le Bretonneux"]
[Date "2021.12.28"]
[Round "3.4"]
[White "Rosu, Alexandru"]
[Black "Delmas-Goyon, Francois"]
[Result "0-1"]
[WhiteElo "1245"]
[BlackElo "1877"]
[Annotator "Rivier,Sylvain"]
[PlyCount "98"]
[EventDate "2021.??.??"]

{Défense sicilienne, variante Paulsen} 1. e4 c5 2. Nf3 e6 3. d4 cxd4 4. Nxd4 a6
5. Nc3 Qc7 6. Be2 b5 7. a3 Bb7 8. O-O Nf6 9. Bf3 Nc6 10. Be3 Ne5 11. Bf4 Nxf3+
12. Qxf3 d6 13. Nb3 Be7 14. Rfe1 O-O 15. Rad1 Rfd8 16. Qe2 Rac8 17. e5 dxe5 18.
Bxe5 Qc6 19. f3 b4 20. axb4 Qb6+ 21. Kh1 Qxb4 22. Rxd8+ Rxd8 23. Rd1 Rxd1+ 24.
Qxd1 Nd5 25. Qd4 f6 26. Nxd5 Bxd5 27. Qxb4 Bxb4 28. Bd4 Bxb3 29. cxb3 Kf7 30.
Kg1 e5 31. Bc3 a5 32. Kf2 Ke6 33. Ke3 Kd5 34. Kd3 f5 35. Ke3 g6 36. g3 h5 37.
f4 e4 38. Bxb4 axb4 39. Ke2 Kd4 40. Kd2 e3+ 41. Ke2 Ke4 42. h4 Kd4 43. Ke1 Kd3
44. Kd1 e2+ 45. Ke1 Ke3 46. g4 hxg4 47. h5 g3 48. hxg6 g2 49. g7 g1=Q# 0-1

[Event "21e tournoi de Noël"]
[Site "Montigny le Bretonneux"]
[Date "2021.12.28"]
[Round "3.5"]
[White "Breteau-Ribeiro, Charles"]
[Black "Flagiello, Francesco"]
[Result "1/2-1/2"]
[WhiteElo "1199"]
[BlackElo "1633"]
[Annotator "Rivier,Sylvain"]
[PlyCount "61"]
[EventDate "2021.??.??"]

{Défense Petroff} 1. e4 e5 2. Nf3 Nf6 3. Nxe5 d6 4. Nf3 Nxe4 5. d4 d5 6. Bd3
Bd6 7. O-O O-O 8. c4 c6 9. Nc3 Nxc3 10. bxc3 dxc4 11. Bxc4 Bg4 12. h3 Bh5 13.
g4 Bg6 14. Qb3 b5 15. Be2 Re8 16. Be3 Nd7 17. a4 bxa4 18. Rxa4 Nb6 19. Ra6 Nd5
20. Bc4 Nxe3 21. fxe3 Rxe3 22. Ra2 Qf6 23. Ne5 Qh4 24. Bxf7+ Bxf7 25. Qxf7+ Kh8
26. Qh5 Rg3+ 27. Rg2 Rxg2+ 28. Kxg2 Qxh5 29. gxh5 Bxe5 30. dxe5 Kg8 31. Ra1
1/2-1/2

[Event "21e tournoi de Noël"]
[Site "Montigny le Bretonneux"]
[Date "2021.12.28"]
[Round "3.6"]
[White "Subtil, Thimote"]
[Black "Mahe, Romain"]
[Result "1/2-1/2"]
[WhiteElo "1199"]
[BlackElo "1971"]
[Annotator "Rivier,Sylvain"]
[PlyCount "88"]
[EventDate "2021.??.??"]

{Partie des quatre cavaliers, variante écossaise} 1. e4 e5 2. Nf3 Nc6 3. Nc3
Nf6 4. Nd5 Bc5 5. Nxf6+ Qxf6 6. Bc4 d6 7. O-O Bg4 8. c3 O-O 9. d3 a6 10. Be3
Na5 11. Bxc5 Nxc4 12. dxc4 dxc5 13. Qe2 Rad8 14. Rad1 h6 15. Rd5 b6 16. Rfd1 c6
17. Rxd8 Rxd8 18. h3 Bxf3 19. Qxf3 Rd6 20. Rxd6 Qxd6 21. Qe2 b5 22. cxb5 cxb5
23. Qc2 Qd8 24. f3 Qa5 25. a3 Qd8 26. Kf1 Kf8 27. Ke1 Ke7 28. Qf2 Qd6 29. Qd2
c4 30. Qxd6+ Kxd6 31. Kd2 h5 32. h4 Kc5 33. Kc2 g6 34. g4 f6 35. gxh5 gxh5 36.
Kd2 a5 37. Kd1 b4 38. axb4+ axb4 39. cxb4+ Kb5 40. Kd2 Kxb4 41. Kc2 Kb5 42. Kd2
Kb4 43. Kc2 Kb5 44. Kd2 Kb4 1/2-1/2

[Event "21e tournoi de Noël"]
[Site "Montigny le Bretonneux"]
[Date "2021.12.28"]
[Round "3.7"]
[White "Barthere, Gilles"]
[Black "Goujon, Antoine"]
[Result "1/2-1/2"]
[WhiteElo "1350"]
[BlackElo "1775"]
[Annotator "Rivier,Sylvain"]
[PlyCount "84"]
[EventDate "2021.??.??"]

{Défense sicilienne, fianchetto accéléré} 1. e4 c5 2. Nf3 g6 3. d4 cxd4 4. Nxd4
Nc6 5. Be3 Bg7 6. Nc3 Nf6 7. f3 O-O 8. Qd2 d5 9. Nxc6 bxc6 10. O-O-O Bb7 11. e5
Nd7 12. f4 e6 13. h4 a5 14. Na4 Ba6 15. g4 f6 16. exf6 Qxf6 17. g5 Qe7 18. h5
Bxf1 19. Rdxf1 Rfb8 20. hxg6 hxg6 21. Bd4 Rb4 22. Bxg7 Qxg7 23. Nc3 Rab8 24. b3
Nc5 25. Qe3 Ne4 26. Nxe4 Rxe4 27. Qd3 Rbb4 28. c3 Rb5 29. Re1 Rxe1+ 30. Rxe1
Kf7 31. Qe3 Kf8 32. Qe5 Qxe5 33. Rxe5 Kf7 34. Kc2 Rb8 35. Kd3 Ke7 36. Kd4 Kd6
37. Kd3 Rf8 38. Ke3 Rh8 39. Kd3 Rh3+ 40. Re3 Rh2 41. Re2 Rh3+ 42. Re3 Rh2
1/2-1/2

[Event "21e tournoi de Noël"]
[Site "Montigny le Bretonneux"]
[Date "2021.12.28"]
[Round "3.9"]
[White "Dufraisse, Matteo"]
[Black "Chaintreau, Thomas"]
[Result "0-1"]
[WhiteElo "1280"]
[BlackElo "1665"]
[Annotator "Rivier,Sylvain"]
[PlyCount "58"]
[EventDate "2021.??.??"]

{Défense est-indienne} 1. c4 Nf6 2. d4 g6 3. Nf3 Bg7 4. Bf4 O-O 5. e3 d6 6. Bd3
Nc6 7. O-O Nh5 8. Bg3 e5 9. dxe5 Nxg3 10. hxg3 dxe5 11. Nc3 f5 12. Be2 e4 13.
Qxd8 Rxd8 14. Ng5 Rd2 15. c5 Na5 16. Bd1 h6 17. Nh3 Be6 18. Nf4 Bc4 19. Be2
Rxb2 20. Bxc4+ Nxc4 21. Rac1 Nd2 22. Rfd1 c6 23. Nxg6 Kf7 24. Nf4 Rd8 25. a4
Bxc3 26. Rxc3 Nf3+ 27. gxf3 Rxd1+ 28. Kg2 Rdd2 29. Nh3 Rdc2 0-1